Entry Nombre personal
001 - NÚMERO DE CONTROL
- campo de control: 30326
003 - IDENTIFICADOR DE NÚMERO DE CONTROL
- campo de control: SpMaBN
005 - FECHA Y HORA DE LA ÚLTIMA TRANSACCIÓN
- campo de control: 20250829095743.0
008 - ELEMENTOS DE DATO DE LONGITUD-FIJA
- campo de control de longitud fija: 901120n| aijnnaabn a aaa
016 ## - NÚMERO DE CONTROL DE UNA AGENCIA BIBLIOGRÁFICA NACIONAL
- Número de control del registro: BNE19900420297
024 7# - IDENTIFICADOR DE OTROS ESTÁNDARES
- Número estándar o código: http://viaf.org/viaf/108476590/
- Fuente: viaf
024 7# - IDENTIFICADOR DE OTROS ESTÁNDARES
- Número estándar o código: https://isni.org/isni/0000000109313917
- Fuente: isni
024 7# - IDENTIFICADOR DE OTROS ESTÁNDARES
- Número estándar o código: http://www.wikidata.org/entity/Q551252
- Fuente: wikidata
040 ## - FUENTE DE CATALOGACIÓN
- Centro catalogador/agencia de origen: SpMaBN
- Lengua de catalogación: spa
- Centro/agencia transcriptor: SpMaBN
- Normas de descripción: rdc
- Convención/Normas de encabezamiento de materia/tesauro: embne
046 ## - FECHAS CON CODIFICACIÓN ESPECIAL
- Fecha de nacimiento: 1914
- Fecha de la muerte: 2004
100 1# - ENCABEZAMIENTO-NOMBRE DE PERSONA
- Nombre de persona: Boorstin, Daniel J.,
- Fechas asociadas al nombre: 1914-2004
370 ## - LUGAR ASOCIADO
- Lugar de nacimiento: Atlanta
- Número de control del registro de autoridad o número normalizado: XX456154
- Fuente de información: Wikidata
373 ## - GRUPO ASOCIADO
- Grupo asociado: Academia Estadounidense de las Artes y las Ciencias
- Fuente de información: Wikidata
374 ## - OCUPACIÓN
- Ocupación: Abogados
- Ocupación: Sociólogos
- Ocupación: Escritores
- Ocupación: Historiadores
- Ocupación: Bibliotecarios
- Fuente de información: Wikidata
375 ## - GÉNERO/SEXO
- Género: Masculino
- Fuente de información: Wikidata
377 ## - IDIOMA ASOCIADO
- Término de lengua/lenguaje: Inglés
400 1# - TRAZADO DE VÉASE--NOMBRE DE PERSONA
- Nombre de persona: Boorstin, Daniel,
- Fechas asociadas al nombre: 1914-2004
400 1# - TRAZADO DE VÉASE--NOMBRE DE PERSONA
- Nombre de persona: Boorstin, Daniel Joseph,
- Fechas asociadas al nombre: 1914-2004
670 ## - FUENTE DE DATOS ENCONTRADOS
- Cita de la fuente: Los descubridores, 1986
- Información encontrada: port. (Daniel J. Boorstin)
670 ## - FUENTE DE DATOS ENCONTRADOS
- Cita de la fuente: Histoire des américains, 1981
- Información encontrada: port. (Daniel Boorstin)
670 ## - FUENTE DE DATOS ENCONTRADOS
- Cita de la fuente: El Mundo, 2-3-2004
- Información encontrada: (Daniel Boorstin; n. 1-10-1914, Atlanta, m. 28-2-2004, Washington; historiador y bibliotecario)
670 ## - FUENTE DE DATOS ENCONTRADOS
- Cita de la fuente: WWW LC auth. file, 2-3-3004
- Información encontrada: (Boorstin, Daniel J. (Daniel Joseph), 1914- )
